000 00374nam a2200133Ia 4500
008 100328s9999 xx 000 0 und d
082 _b17428
100 _aशरतेचन्द्र
245 _aविप्रदास
260 _bशिक्षा भारती
630 _aविप्रदास
730 _aविप्रदास
942 _cBOOK
999 _c512004
_d512001